New routing methods in CDN using SDN

Saved in:
Bibliographic Details
Main Author: Bakonyi, Peter (Author)
Other Authors: Boros, Tomáš (Thesis advisor)
Format: Manuscript Book
Language:Slovak
English
Published: 2019
Subjects:
Online Access:http://is.stuba.sk/zp/portal_zp.pl?podrobnosti=142842
Tags: Add Tag
No Tags, Be the first to tag this record!

MARC

LEADER 00000ntm a22000003a 4500
001 stuzp74888
003 SK-STU
005 20200629143348.1
007 ta
008 150427s2015----xo-----f-mn---000-0-slo-d
040 |a STU  |b slo 
041 0 |a eng 
044 |a xo 
100 1 |a Bakonyi, Peter  |u 070400  |k Z4  |4 aut  |U FIIT Fakulta informatiky a informačných technológií  |T FIIT Ústav počítačového inžinierstva a aplikovanej informatiky  |X 73658  |U I400  |Y 672  |7 73658 
242 0 1 |a Nové smerovacie metódy v CDN pomocou SDN  |y slo 
245 1 0 |a New routing methods in CDN using SDN 
260 |c 2019 
650 4 |a SDN  |2 slo 
650 4 |a CDN  |2 slo 
650 |a umelá inteligencia 
650 4 |a strojové učenie  |2 slo 
650 4 |a SDN  |2 eng 
650 4 |a CDN  |2 eng 
650 4 |a machine learning  |2 eng 
700 1 |a Boros, Tomáš  |u 070400  |k Z3  |4 ths  |U FIIT Fakulta informatiky a informačných technológií  |T FIIT Ústav počítačového inžinierstva a aplikovanej informatiky  |X 5793  |U I400  |Y 672  |7 A000005793 
856 4 |u http://is.stuba.sk/zp/portal_zp.pl?podrobnosti=142842 
996 |c I*DP114/19  |l II680  |s P  |a 0  |w stuzp74888_0001